000
00272nam a22001217a 4500
008
181015b xxu||||| |||| 00| 0 eng d
041
_a
eng
080
_2
5 ED
_a
941
100
_a
16
101
_a
HIS
245
_a
tHE mIDLE a HISTORY
_c
wILLIAM.o
942
_2
udc
_c
BK
999
_c
49776
_d
49776